[Event "Rome Elo op 5th"]
[Site "Rome"]
[Date "2009.10.14"]
[Round "4"]
[White "Giraldi, Alberto"]
[Black "Loffredi, Massimiliano"]
[Result "1-0"]
[WhiteElo "1512"]
[BlackElo "1374"]
[PlyCount "71"]
[EventDate "2009.09.16"]
[EventType "swiss"]
[EventRounds "5"]
[EventCountry "ITA"]
[SourceTitle "EXT 2012"]
[Source "ChessBase"]
[SourceDate "2011.11.24"]
[SourceVersion "1"]
[SourceVersionDate "2011.11.24"]
[SourceQuality "1"]

1. d4 d5 2. c4 Nf6 3. Bg5 e6 4. Nc3 Bb4 5. e3 Bxc3+ 6. bxc3 0-0 7. Bd3 Nbd7 8. Nf3 h6 9. Bh4 b6 10. cxd5 exd5 11. 0-0 Re8 12. Re1 c5 13. Qd2 Qc7 14. Bg3 Qc6 15. Rac1 c4 16. Bb1 b5 17. a3 a6 18. Ne5 Nxe5 19. Bxe5 Ng4 20. Bg3 Nf6 21. h3 Be6 22. f3 Qd7 23. e4 Qe7 24. e5 Nh5 25. Bh2 g6 26. Qxh6 Qxa3 27. Bxg6 fxg6 28. Qxg6+ Ng7 29. Bf4 Ra7 30. Bh6 Qf8 31. Bxg7 Qxg7 32. Qxe8+ Kh7 33. Qxe6 a5 34. Qxd5 Rb7 35. Qe4+ Kg8 36. e6 1-0